000 00478nam a2200193Ia 4500
008 240509s9999 xx 000 0 und d
020 _a0000071133429
041 _aEng
082 _a004.22
082 _bH81
100 _aHWANG K.
245 0 _aADVANCED COMPUTER ARCHITECTURE :PARALLELISM, SCALABILITY, PROGRAMMABILITY
260 _bNEW YORK : MCGRAW HILL
260 _c1993
300 _a770 p.
650 _aCOMPUTER ARCHITECTURE
942 _2ddc
942 _cLBK
999 _c22546
_d22546
945 _a1
_bMadushi Gamage
_c1
_dMadushi Gamage